| 000 | 00675nam a22002417a 4500 | ||
|---|---|---|---|
| 001 | 29952 | ||
| 003 | UA-OsUOA | ||
| 005 | 20211204183639.0 | ||
| 007 | ta | ||
| 008 | 20041102b un ||||| |||| 00| 0 ukr d | ||
| 040 |
_aUA-OsUOA _bukr _cUA-OsUOA _dUA-OsUOA |
||
| 041 | _aukr | ||
| 044 | _aUA | ||
| 080 | _a908(477.81):94(477).092 | ||
| 090 |
_a908(477.81):94(477).092 _bГ14 |
||
| 100 | _aГайбонюк В. Д. | ||
| 245 |
_aТак гартувалися сильні духом _cВ. Д. Гайбонюк ; ред. І. І. Слинько |
||
| 260 |
_aЛьвів _bВища школа _c1975 |
||
| 300 | _a144 с. | ||
| 650 | 7 | _2UDC | |
| 942 |
_cBK _2udc |
||
| 955 | _a0 | ||
| 999 |
_c316352 _d316352 |
||